000 00792nam a22002057a 4500
999 _c15425
_d15425
003 AR-CdUCM
008 190427b ||||| |||| 00| 0 spa d
040 _aMUNICIPALIDAD PROVINCIAL DEL CUSCO
_cBIBLIOTECA MUNICIPAL DEL CUSCO
082 _22ed.
_a986.13 /
_bM22 / 1962
100 _aMorales Benítez, Otto
_934493
245 _aTestimonio de un pueblo /
260 _aAntioquia :
_bImprenta banco de la república,
_c1962.
300 _a228 paginas ;
_bIlustraciones,
_c23 cm.
505 _aContenido : Cuaderno de bitacora -- Tierra sin huellas -- Peripecias de colonos --Destino de la sangre -- E l machete y el hacha proletarios...
650 _aRecuerdos
_916103
650 _aProceso Historico
_96759
650 _aColombia
_9140
942 _2ddc
_cLIBROS
945 _awnts
_d2019-04-27